El rediseño del Estado : (Record no. 56883)
[ view plain ]
| 000 -LEADER | |
|---|---|
| campo de control de longitud fija | 01740nam a2200193 4500 |
| 001 - NÚMERO DE CONTROL | |
| campo de control | 328 |
| 005 - FECHA Y HORA DE LA ÚLTIMA TRANSACCIÓN | |
| campo de control | 20230410121039.0 |
| 008 - DATOS DE LONGITUD FIJA--INFORMACIÓN GENERAL | |
| campo de control de longitud fija | 060907n1994 dr spa |
| 020 ## - NÚMERO INTERNACIONAL ESTÁNDAR DEL LIBRO | |
| Número Internacional Estándar del Libro | 9681645960 |
| 035 ## - NÚMERO DE CONTROL DEL SISTEMA | |
| -- | funglode329 |
| 041 ## - CÓDIGO DE IDIOMA | |
| Código de lengua del texto/banda sonora o título independiente | ES |
| 050 14 - SIGNATURA TOPOGRÁFICA DE LA BIBLIOTECA DEL CONGRESO | |
| Número de clasificación | JL 1281 R317 1994 |
| 245 03 - MENCIÓN DEL TÍTULO | |
| Título | El rediseño del Estado : |
| Resto del título | una perspectiva internacional / |
| Mención de responsabilidad, etc. | Bernardo Kliksberg, compilador |
| 260 ## - PUBLICACIÓN, DISTRIBUCIÓN, ETC. | |
| Lugar de publicación, distribución, etc. | México : |
| Nombre del editor, distribuidor, etc. | Instituto Nacional de Administración Pública de México; Fondo de Cultura Económica, |
| Fecha de publicación, distribución, etc. | 1994 |
| 300 ## - DESCRIPCIÓN FÍSICA | |
| Extensión | 276 p. / 23 cm |
| 520 ## - RESUMEN, ETC. | |
| Sumario, etc. | Una agenda estratégica, 15. -- El rediseño del Estado para el desarrollo socioeconómico y el cambio, 17. -- El Estado postajuste, 45. -- Estado y sociedad : Las nuevas fronteras, 45. -- El Estado y la competitividad de la economía, 79. -- Descentralización y democratización del Estado, 99. -- Análisis del proyecto de descentralización en Perú, 101. -- Descentralización y democracia en Africa, 114. -- Reestructuración del Estado para la lucha contra la pobreza, 133. -- Ceci n'est pas une pipe (esto no es una pipa), 133. -- Descentralización y municipalización de los programas sociales, 148. -- Introducción de procesos de monitoreo permanente para la evaluación continua de los efectos de políticas públicas básicas, 157. -- Nuevas orientaciones para la evaluación de la asistencia para el desarrollo, 170. -- Nuevas fronteras entre Estado y sociedad, 189. -- Un nuevo paradigma para la gestión pública, 189. -- Movimientos sociales, asociaciones voluntarias y el desarrollo del Estado benefactor en Finlandia, 208. -- Internacionalización, 235. -- Coordinación de políticas internacionales y reforma |
| 700 ## - ENTRADA AGREGADA--NOMBRE PERSONAL | |
| Nombre de persona | Kliksberg, Bernardo, Comp. |
| 942 ## - ELEMENTOS DE ENTRADA SECUNDARIOS (KOHA) | |
| Fuente del sistema de clasificación o colocación | Clasificación de Library of Congress |
| Tipo de ítem Koha | |
| Estatus retirado | Estado de pérdida | Fuente del sistema de clasificación o colocación | Estado de daño | No para préstamo | Colección | Biblioteca de origen | Biblioteca actual | Ubicación en estantería | Fecha de adquisición | Serial enumeration / chronology | Signatura topográfica completa | Código de barras | Visto por última vez | Tipo de ítem Koha |
|---|---|---|---|---|---|---|---|---|---|---|---|---|---|---|
| Clasificación de Library of Congress | Ciencias Sociales | Biblioteca Juan Bosch | Biblioteca Juan Bosch | Ciencias Sociales (3er. Piso) | 24/10/2018 | 1 | JL 1281 R317 1994 | 00000001895 | 24/10/2018 |
